| 000 | 01094cam a22003255a 4500 | ||
|---|---|---|---|
| 001 | ocn850380681 | ||
| 003 | OSt | ||
| 005 | 20150524111619.0 | ||
| 008 | 130625t2013 caua fr 001 0 eng d | ||
| 020 | _z9781449327170 | ||
| 040 |
_aTEFOD _beng _cTEFOD _dYDXCP _dIUL _dEG-ScBUE |
||
| 082 | 0 | 4 |
_a005.12 _bMIN _222 |
| 100 | 1 |
_aMiner, Donald. _938063 |
|
| 245 | 1 | 0 |
_aMapReduce design patterns / _cDonald Miner and Adam Shook. |
| 260 |
_aCalifornia : _bO'Reilly Media, _cc.2013. |
||
| 300 |
_axvi, 232 p. : _bill. ; _c24 cm. |
||
| 500 | _a"Building effective algorithms and analytics for Hadoop and other systems"--Cover. | ||
| 500 | _aIndex : p. 227-232. | ||
| 630 | 0 | 0 |
_aApache Hadoop. _2BUEsh |
| 630 | 0 | 0 | _aMapReduce (Computer file) |
| 650 | 0 |
_aElectronic data processing _xDistributed processing. _2BUEsh |
|
| 650 | 0 |
_aCluster analysis _xData processing. _2BUEsh |
|
| 650 | 0 |
_aSoftware patterns. _2BUEsh |
|
| 650 | 0 |
_aComputer algorithms. _2BUEsh |
|
| 651 | _2BUEsh | ||
| 653 |
_bCOMSCI _cMay2015 |
||
| 655 |
_vreading book _934232 |
||
| 700 | 1 | _aShook, Adam. | |
| 942 |
_2ddc _k005.12 MIN |
||
| 999 |
_c19401 _d19373 |
||